Principles of CMOS VLSI design (Record no. 2744)

000 -LEADER
fixed length control field 00701nam a2200229 a 4500
001 - CONTROL NUMBER
control field 2744
003 - CONTROL NUMBER IDENTIFIER
control field BD-DhUET
008 - FIXED-LENGTH DATA ELEMENTS--GENERAL INFORMATION
fixed length control field 920421s1993 mauaf b 001 0 eng
020 ## - INTERNATIONAL STANDARD BOOK NUMBER
International Standard Book Number 0201533766
040 ## - CATALOGING SOURCE
Original cataloging agency DLC
Transcribing agency DLC
Modifying agency BD-DhUET
082 00 - DEWEY DECIMAL CLASSIFICATION NUMBER
Classification number 623.8173
Item number WES/1992
100 1# - MAIN ENTRY--PERSONAL NAME
Personal name Weste, Neil H. E.
245 10 - TITLE STATEMENT
Title Principles of CMOS VLSI design
Remainder of title a systems perspective
Statement of responsibility, etc. by Neil H.E. Weste and Kamran Eshraghian
250 ## - EDITION STATEMENT
Edition statement 2nd ed.
260 ## - PUBLICATION, DISTRIBUTION, ETC. (IMPRINT)
Place of publication, distribution, etc. New York
Name of publisher, distributor, etc. Addison-Wesley Publishing
Date of publication, distribution, etc. 1993
300 ## - PHYSICAL DESCRIPTION
Extent xxii, 713 p.
490 ## - SERIES STATEMENT
Series statement The VLSI system series
504 ## - BIBLIOGRAPHY, ETC. NOTE
Bibliography, etc Includes bibliographies
650 #0 - SUBJECT ADDED ENTRY--TOPICAL TERM
Topical term or geographic name as entry element Integrated circuits- VLSI-Design and construction
700 ## - ADDED ENTRY--PERSONAL NAME
Personal name Eshraghian, Kamran
942 ## - ADDED ENTRY ELEMENTS (KOHA)
Koha item type General Book
Holdings
Lost status Koha normalized classification for sorting Koha date last seen Date acquired Price effective from Piece designation (barcode) Copy number Location (home branch) Koha date last borrowed Source of classification or shelving scheme Sublocation or collection (holding branch) Koha item type Damaged status Withdrawn status Shelving location Koha full call number Not for loan Koha issues (times borrowed)
 623_817300000000000_WES_19932014-09-302014-09-302014-09-301077181Central Library, BUET  Central Library, BUETGeneral Book  Circulation section623.8173/WES/1993  
 623_000000000000000_8173WES1992015-01-102014-09-302014-09-301078012Central Library, BUET2014-12-13 Central Library, BUETGeneral Book  Circulation section623.8173/WES/1993 1
 623_000000000000000_8173WES1992014-10-292014-10-292014-10-29911213Central Library, BUET  Central Library, BUETGeneral Book  Circulation section623.8173/WES/1993  
 623_817300000000000_WES_19932014-10-292014-10-292014-10-29911194Central Library, BUET  Central Library, BUETGeneral Book  Circulation section623.8173/WES/1993  
 623_000000000000000_8173WES1992014-11-012014-11-012014-11-01911205Central Library, BUET  Central Library, BUETGeneral Book  Circulation section623.8173/WES/1992  
 623_000000000000000_8173WES1992018-08-272014-11-012014-11-01911246Central Library, BUET2018-08-14 Central Library, BUETGeneral Book  Circulation section623.8173/WES/1992 1
 623_000000000000000_8173WES1992017-01-012014-11-092014-11-09911237Central Library, BUET  Central Library, BUETGeneral Book  Circulation section623.8173/WES/1993  
 623_817300000000000_WES_19932015-07-022015-07-022015-07-02905888Central Library, BUET  Central Library, BUETReading Item  Reading section623.8173/WES/1993  
 623_817300000000000_WES_19932019-01-301997-04-282019-01-30911229Central Library, BUET  Central Library, BUETGeneral Book  Circulation section623.8173/WES/1993